京都府の駅(1989年) - Statistics

General Stats
  • This quiz has been taken 12 times
  • The average score is 182 of 232
Answer Stats
路線 駅名 % Correct
JR西日本東海道本線 | JR西日本湖西線 山科
100%
JR東海東海道新幹線 | JR西日本 奈良線 | JR西日本 東海道本線 | +3 others 京都
100%
JR西日本 東海道本線 西大路
100%
JR西日本 東海道本線 向日町
100%
JR西日本 東海道本線 山崎
100%
JR西日本 山陰本線 | JR西日本福知山線 | 宮福鉄道 宮福線 福知山
100%
JR西日本 小浜線 | JR西日本舞鶴線 東舞鶴
100%
JR西日本 山陰本線 二条
100%
JR西日本 山陰本線 嵯峨
100%
JR西日本 山陰本線 保津峡
100%
JR西日本 山陰本線 亀岡
100%
JR西日本 舞鶴線 | JR西日本宮津線 西舞鶴
100%
JR西日本 宮津線 | 宮福鉄道宮福線 宮津
100%
JR西日本 宮津線 天橋立
100%
JR西日本 奈良線 新田
100%
JR西日本 奈良線 | 京阪 宇治線 宇治
100%
JR西日本 奈良線 桃山
100%
JR西日本 奈良線 稲荷
100%
JR西日本 奈良線 | 京阪 京阪本線 東福寺
100%
JR西日本 片町線 田辺
100%
京都市営地下鉄 烏丸線 | 近鉄 京都線 十条
100%
京都市営地下鉄 烏丸線 | 近鉄 京都線 竹田
100%
近鉄 京都線 新田辺
100%
近鉄 京都線 新祝園
100%
京阪 京阪本線 七条
100%
京都市営地下鉄 烏丸線 | 京阪 京阪本線 五条
100%
京都市営地下鉄 烏丸線 | 京阪 京阪本線 四条
100%
京阪 京阪本線 三条
100%
京阪 宇治線 六地蔵
100%
阪急 京都本線 | 阪急嵐山線
100%
阪急 京都本線 烏丸
100%
京福電気鉄道 嵐山本線 | 阪急 嵐山線 嵐山
100%
京都市営地下鉄烏丸線 北大路
100%
京都市営地下鉄 烏丸線 今出川
100%
京都市営地下鉄 烏丸線 丸太町
100%
京都市営地下鉄 烏丸線 九条
100%
京都市営地下鉄 烏丸線 くいな橋
100%
叡山電鉄叡山本線 出町柳
100%
JR西日本小浜線 松尾寺
86%
JR西日本 山陰本線 丹波口
86%
JR西日本 山陰本線 花園
86%
JR西日本 山陰本線 | 京福電気鉄道 嵐山本線 太秦
86%
JR西日本 山陰本線 馬堀
86%
JR西日本 山陰本線 並河
86%
JR西日本 山陰本線 千代川
86%
JR西日本 山陰本線 八木
86%
JR西日本 山陰本線 吉富
86%
JR西日本 山陰本線 園部
86%
JR西日本 山陰本線 胡麻
86%
JR西日本 山陰本線 | JR西日本 舞鶴線 綾部
86%
JR西日本 山陰本線 石原
86%
JR西日本 山陰本線 下夜久野
86%
JR西日本 山陰本線 上夜久野
86%
JR西日本 宮津線 久美浜
86%
JR西日本 関西本線 笠置
86%
JR西日本 関西本線 | JR西日本奈良線 | JR西日本片町線 木津
86%
JR西日本 奈良線 上狛
86%
JR西日本 奈良線 城陽
86%
JR西日本 奈良線 | 京阪 宇治線 黄檗
86%
JR西日本 奈良線 | 京阪 宇治線 木幡
86%
JR西日本 片町線 祝園
86%
JR西日本 片町線 下狛
86%
JR西日本 片町線 同志社前
86%
JR西日本 片町線 松井山手
86%
近鉄 京都線 東寺
86%
近鉄 京都線 上鳥羽口
86%
近鉄 京都線 伏見
86%
近鉄 京都線 近鉄丹波橋
86%
近鉄 京都線 桃山御陵前
86%
近鉄 京都線 向島
86%
近鉄 京都線 小倉
86%
近鉄 京都線 伊勢田
86%
近鉄 京都線 久津川
86%
近鉄 京都線 寺田
86%
近鉄 京都線 富野荘
86%
近鉄 京都線 興戸
86%
近鉄 京都線 三山木
86%
近鉄 京都線 狛田
86%
近鉄 京都線 山田川
86%
京阪京阪本線 橋本
86%
京阪 京阪本線 | 京阪鋼索線 八幡市
86%
京阪 京阪本線
86%
京阪 京阪本線 | 京阪宇治線 中書島
86%
京阪 京阪本線 伏見桃山
86%
京阪 京阪本線 丹波橋
86%
京阪 京阪本線 墨染
86%
京阪 京阪本線 藤森
86%
京阪 京阪本線 深草
86%
京阪 京阪本線 伏見稲荷
86%
京阪 京阪本線 鳥羽街道
86%
京阪 宇治線 観月橋
86%
京阪 宇治線 桃山南口
86%
京阪 宇治線 三室戸
86%
阪急京都本線 大山崎
86%
阪急 京都本線 長岡天神
86%
阪急 京都本線 西向日
86%
阪急 京都本線 東向日
86%
阪急 京都本線 西京極
86%
京福電気鉄道 嵐山本線 | 阪急 京都本線 西院
86%
阪急 京都本線 大宮
86%
阪急 京都本線 河原町
86%
阪急 嵐山線 上桂
86%
阪急 嵐山線 松尾
86%
京都市営地下鉄 烏丸線 鞍馬口
86%
京都市営地下鉄 烏丸線 御池
86%
京福電気鉄道嵐山本線 四条大宮
86%
京福電気鉄道 嵐山本線 山ノ内
86%
京福電気鉄道 北野線 | 京福電気鉄道 嵐山本線 帷子ノ辻
86%
京福電気鉄道北野線 北野白梅町
86%
叡山電鉄 叡山本線 元田中
86%
叡山電鉄 叡山本線 茶山
86%
叡山電鉄 叡山本線 | 叡山電鉄鞍馬線 宝ヶ池
86%
叡山電鉄 鞍馬線 鞍馬
86%
宮福鉄道 宮福線 大江
86%
JR西日本 東海道本線 神足
71%
JR西日本 山陰本線 船岡
71%
JR西日本 山陰本線 和知
71%
JR西日本 山陰本線 安栖里
71%
JR西日本 山陰本線 山家
71%
JR西日本 山陰本線 高津
71%
JR西日本 舞鶴線 梅迫
71%
JR西日本 宮津線 丹後神崎
71%
JR西日本 宮津線 丹後由良
71%
JR西日本 宮津線 栗田
71%
JR西日本 宮津線 丹後大宮
71%
JR西日本 宮津線 網野
71%
JR西日本関西本線 月ヶ瀬口
71%
JR西日本 関西本線 加茂
71%
JR西日本 奈良線 棚倉
71%
JR西日本 奈良線 玉水
71%
JR西日本 奈良線 山城多賀
71%
JR西日本 奈良線 山城青谷
71%
JR西日本 奈良線 長池
71%
JR西日本 片町線 西木津
71%
近鉄 京都線 大久保
71%
京阪 鋼索線 男山山上
71%
京阪 京津線 蹴上
71%
京阪 京津線 御陵
71%
京阪 京津線 京阪山科
71%
京阪 京津線 四宮
71%
京福電気鉄道 嵐山本線 蚕ノ社
71%
京福電気鉄道 嵐山本線 有栖川
71%
京福電気鉄道 嵐山本線 車折
71%
叡山電鉄 叡山本線 修学院
71%
叡山電鉄 叡山本線 三宅八幡
71%
叡山電鉄 鞍馬線 八幡前
71%
叡山電鉄 鞍馬線 二軒茶屋
71%
叡山電鉄 鞍馬線 市原
71%
叡山電鉄 鞍馬線 二ノ瀬
71%
叡山電鉄 鞍馬線 貴船口
71%
宮福鉄道 宮福線 大江山口内宮
71%
宮福鉄道 宮福線 大江高校前
71%
JR西日本 山陰本線 殿田
57%
JR西日本 山陰本線 立木
57%
JR西日本 山陰本線 上川口
57%
JR西日本 舞鶴線 淵垣
57%
JR西日本 宮津線 四所
57%
JR西日本 宮津線 東雲
57%
JR西日本 宮津線 岩滝口
57%
JR西日本 関西本線 大河原
57%
JR西日本 片町線 上田辺
57%
JR西日本 片町線 大住
57%
京阪京津線 京津三条
57%
京阪 京津線 東山三条
57%
京阪 京津線 日ノ岡
57%
京福電気鉄道 嵐山本線 三条口
57%
京福電気鉄道 嵐山本線 嵯峨駅前
57%
京福電気鉄道 北野線 等持院
57%
京福電気鉄道 北野線 妙心寺
57%
京福電気鉄道 北野線 御室
57%
京福電気鉄道 北野線 鳴滝
57%
京福電気鉄道 北野線 常盤
57%
京福電気鉄道 鋼索線 ケーブル比叡
57%
叡山電鉄 叡山本線 一乗寺
57%
叡山電鉄 叡山本線 八瀬遊園
57%
叡山電鉄 鞍馬線 岩倉
57%
叡山電鉄 鞍馬線 木野
57%
宮福鉄道 宮福線 辛皮
57%
宮福鉄道 宮福線 公庄
57%
JR西日本 山陰本線 下山
43%
JR西日本 舞鶴線 真倉
43%
JR西日本 宮津線 峰山
43%
JR西日本 宮津線 丹後木津
43%
JR西日本 宮津線 甲山
43%
京阪 京津線 九条山
43%
京福電気鉄道 嵐山本線 鹿王院
43%
京福電気鉄道鋼索線 ケーブル八瀬遊園
43%
宮福鉄道 宮福線 宮村
43%
宮福鉄道 宮福線 喜多
43%
宮福鉄道 宮福線 二俣
43%
宮福鉄道 宮福線 下天津
43%
宮福鉄道 宮福線
43%
宮福鉄道 宮福線 荒河かしの木台
43%
宮福鉄道 宮福線 厚中問屋
43%
JR西日本 宮津線 丹後山田
29%
京福電気鉄道 北野線 竜安寺道
29%
京福電気鉄道 北野線 高雄口
29%
鞍馬寺 鞍馬山鋼索鉄道 多宝塔
29%
JR西日本 宮津線 丹後神野
14%
鞍馬寺鞍馬山鋼索鉄道 山門
14%
丹後海陸交通天橋立鋼索鉄道 府中
14%
丹後海陸交通 天橋立鋼索鉄道 傘松
14%
No matching quizzes found
Score Distribution
Percent of People with Each Score
Percentile by Number Answered
Your Score History
You have not taken this quiz